Los diez libros de archîtectura / (Record no. 167713)

MARC details
000 -LEADER
campo de control de longitud fija 01065nam a2200253 i 4500
001 - NÚMERO DE CONTROL
campo de control 167713
003 - IDENTIFICADOR DE NÚMERO DE CONTROL
campo de control ES-MaACL
005 - FECHA Y HORA DE LA ÚLTIMA TRANSACCIÓN
campo de control 20250928134130.0
008 - DATOS DE LONGITUD FIJA--INFORMACIÓN GENERAL
campo de control de longitud fija 931025s1787 sp ax |||| | spa d
040 ## - FUENTE DE CATALOGACIÓN
Centro catalogador/agencia de origen CARM
Lengua de catalogación spa
Centro/agencia transcriptor PAB
100 1# - ENTRADA PRINCIPAL--NOMBRE DE PERSONA
Nombre de persona Vitrubio Polión, Marco.
9 (RLIN) 115528
245 14 - MENCIÓN DEL TÍTULO
Título Los diez libros de archîtectura /
Mención de responsabilidad, etc. de M. Vitruvio Polion ; traducidos del latín y comentados por Don Joseph Ortíz y Sanz,...
260 ## - PUBLICACIÓN, DISTRIBUCIÓN, ETC.
Lugar de publicación, distribución, etc. En Madrid :
Nombre del editor, distribuidor, etc. en la Imprenta Real,
Fecha de publicación, distribución, etc. 1787.
300 ## - DESCRIPCIÓN FÍSICA
Extensión [4], XXVIII, 277, [1] en bl., [2] p., LVI h. de grab. ;
Dimensiones Fol.
597 ## - NOTA DE DESCRIPCIÓN FÍSICA
NOTA DE DESCRIPCIÓN FÍSICA Sign.: [ ]\p2\s, a-g\p2\s, A-Z\p2\s, 2A-2Z\p2\s, 3A-3Z\p2\s, [ ]\p2\s.
597 ## - NOTA DE DESCRIPCIÓN FÍSICA
NOTA DE DESCRIPCIÓN FÍSICA Antep.
599 ## - NOTA A LAS ILUSTRACIONES
NOTA A LAS ILUSTRACIONES Las h. de grab. calc.: "D. Josef Ortiz lo delineó", "J. Joaquin Fabregat la gravo... [et al.]"
650 04 - PUNTO DE ACCESO ADICIONAL DE MATERIA--TÉRMINO DE MATERIA
Término de materia o nombre geográfico como elemento de entrada Arquitectura
9 (RLIN) 9986
700 1# - ENTRADA AGREGADA--NOMBRE PERSONAL
Nombre de persona Ortiz y Sanz, José,
Fechas asociadas al nombre 1739-1822
9 (RLIN) 87661
700 1# - ENTRADA AGREGADA--NOMBRE PERSONAL
Nombre de persona Fabregat, Joaquín.
9 (RLIN) 127003
710 2# - ENTRADA AGREGADA--NOMBRE DE ENTIDAD CORPORATIVA
Nombre de entidad corporativa o nombre de jurisdicción como elemento de entrada Imprenta Real (Madrid)
9 (RLIN) 134468
852 ## - LOCALIZACIÓN
Ubicación ES-MaACL
Número de control de estantería R-75
Nota libre - Enc. pasta española
Encuadernación Olim: C-2212
Holdings
Estatus retirado Estado de pérdida Estado de daño No para préstamo Colección Biblioteca de origen Biblioteca actual Ubicación en estantería Fecha de adquisición Fuente de adquisición Total de préstamos Signatura topográfica completa Código de barras Visto por última vez Precio de reemplazo Tipo de ítem Koha
        Libros del s. XVIII Biblioteca del Ateneo de Madrid Biblioteca del Ateneo de Madrid Depósito 17/01/2008     R-75 1175948 23/02/2023 23/02/2023 Libro impreso antiguo